00365nam a22001097a 4500040000900000082001200009100006900021110003800090245006700128260004400195650001600239 cNUST a220 PRO aMuhammad Nabeel Qazi Ahmed Dawood Muhammad Irfan Muhammad Naeem  aProject Supervisor: Dr. Usman Ali aPR-SOF-2200-Design of Metal Detector for Military Applications aIslamabad:bNUST College of EME,c2022. aDE-ELECT-40